Effectif Bayern Munich feminin 2022-2023 - Statistiques

Statistiques générales
  • Ce quiz a été pris 7 fois
    5 depuis la dernière actualisation
  • Le résultat moyen est 14 sur 24
Statistiques - réponses
POS Pays Réponse % Correct
ATT ANG Georgia Stanway
100%
ATT ALL Lea Schüller
100%
MIL ALL Linda Dallmann
100%
DEF JAP Saki Kumagai
100%
DEF ALL Carolin Simon
75%
ATT FRA Emelyne Laurent
75%
MIL ALL Giulia Gwinn
75%
ATT ALL Klara Bühl
75%
MIL ALL Lina Magull
75%
MIL AUT Sarah Zadrazil
75%
DEF AUT Carina Wenninger
50%
DEF ISL Glódís Perla Viggósdóttir
50%
ATT SER Jovana Damnjanovic
50%
GAR ALL Laura Benkarth
50%
GAR ALL Maria Luisa Grohs
50%
MIL ALL Sydney Lohmann
50%
DEF BRE Tainara
50%
GAR ISL Cecília Rán Rúnarsdóttir
25%
DEF NOR Emilie Bragstad
25%
DEF SUE Hanna Glas
25%
ATT CRO Ivana Rudelic
25%
GAR ALL Janina Leitzig
25%
MIL ISL Karólína Lea Vilhjálmsdóttir
25%
DEF ALL Maximiliane Rall
0%
Aucun quiz correspondant
Distribution des résultats
% des personnes avec chaque résultat
Percentile par nombre de réponses
Votre historique - résultats
Vous n’avez pas pris ce quiz depuis la dernière actualisation